Irish Pages
محفوظ في:
التنسيق: دورية
اللغة: Undetermined
منشور في:
JSTOR
Irish Pages LTD
الموضوعات:
الوصول للمادة أونلاين: Login to view Source
الوسوم: إضافة وسم
لا توجد وسوم, كن أول من يضع وسما على هذه التسجيلة!
رقم الطلب:
| LEADER | 00490nas a2200169Ia 4500 | ||
|---|---|---|---|
| 008 | 220214c99999999xx |||||||||||| ||und|| | ||
| 022 | |a 1477-6162 | ||
| 022 | |a 2753-0698 | ||
| 245 | 0 | 0 | |a Irish Pages |
| 264 | 1 | |b JSTOR | |
| 264 | 1 | |b Irish Pages LTD | |
| 362 | 0 | |a Vol. 1(2002)-9 (2015) | |
| 653 | 1 | 0 | |a Language & Literature |
| 856 | 4 | 0 | |u https://www.jstor.org/journal/irishpages |
| 942 | |c JL | ||
| 952 | |0 0 |1 0 |4 0 |7 1 |9 35407 |a JSR |b JSR |d 2022-02-14 |l 0 |r 2022-02-14 00:00:00 |w 2022-02-14 |y JL | ||
| 999 | |c 43740 |d 43740 | ||
